Chansons de L2B - Album Nés pour briller (Book II) - Statistiques

Statistiques générales
  • Ce quiz a été pris 89 fois
  • Le résultat moyen est 7 sur 9
Statistiques - réponses
Ordre dans l'album Chansons % Correct
05 Sur moi
88%
02 C'est quoi ton délire
86%
04 Billionnaire
80%
09 Tout recommencer
80%
01 Tout pour l'équipe
78%
06 Men in Black
69%
08 Méchant
58%
03 Tu m'en veux
58%
07 C'est carré
56%
Aucun quiz correspondant
Distribution des résultats
% des personnes avec chaque résultat
Percentile par nombre de réponses
Votre historique - résultats
Vous n’avez pas pris ce quiz